000 00892nam a2200253 a 4500
005 20160811131231.0
008 140226b1999 no ||||r|||| 00| 0 eng d
020 _a8270723045
040 _aCO-BoIAVH
_cCO-BoIAVH
041 0 _aspa
044 _ack
082 0 4 _a572.8
_bT75t
100 1 _aTraavik, Terje
_eautor
245 1 4 _aToo early may be too late :
_becological risks associated the use of naked DNA as a biological tool for research, production and therapy /
_cTerje Traavik
260 _aNoruega :
_bDirectorate for Nature Management,
_c1999.
300 _a106 páginas ;
_c30 x 21 cm.
504 _aIncluye referencias bibliográficas.
650 2 6 _aEcología
650 2 6 _aTransferencia de genes
650 2 6 _aRecursos genéticos
650 2 6 _aIngeniería genética
650 2 6 _aGenética de poblaciones
942 _cLIBRO
_2ddc
999 _c1188
_d1188